Introduction to Environmental Geology (Record no. 1678678)
[ view plain ]
| 000 -LEADER | |
|---|---|
| fixed length control field | 00291 a2200121 4500 |
| 000 - LEADER | |
| fixed length control field | nam a22 7a 4500 |
| 005 - DATE AND TIME OF LATEST TRANSACTION | |
| control field | 20260204180206.0 |
| 100 ## - MAIN ENTRY--PERSONAL NAME | |
| Personal name | Keller, Edward A. |
| 9 (RLIN) | 1113746 |
| 245 ## - TITLE STATEMENT | |
| Title | Introduction to Environmental Geology |
| 250 ## - EDITION STATEMENT | |
| Edition statement | 5 |
| 260 ## - PUBLICATION, DISTRIBUTION, ETC. | |
| Name of publisher, distributor, etc. | Pearson |
| Date of publication, distribution, etc. | 2025 |
| 942 ## - ADDED ENTRY ELEMENTS (KOHA) | |
| Koha item type | Textual |
| Withdrawn status | Lost status | Source of classification or shelving scheme | Damaged status | Not for loan | Home library | Current library | Date acquired | Source of acquisition | Cost, normal purchase price | Total Checkouts | Date last seen | Cost, replacement price | Price effective from | Koha item type |
|---|---|---|---|---|---|---|---|---|---|---|---|---|---|---|
| Colon Classification (CC) | Central Science Library | Central Science Library | 2026-04-09 | 94 | 1036.00 | 2026-04-09 | 1295.00 | 2026-04-09 | Textual | |||||
| Colon Classification (CC) | Central Science Library | Central Science Library | 2026-04-09 | 94 | 1036.00 | 2026-04-09 | 1295.00 | 2026-04-09 | Textual | |||||
| Colon Classification (CC) | Central Science Library | Central Science Library | 2026-04-09 | 94 | 1036.00 | 2026-04-09 | 1295.00 | 2026-04-09 | Textual | |||||
| Colon Classification (CC) | Central Science Library | Central Science Library | 2026-04-09 | 94 | 1036.00 | 2026-04-09 | 1295.00 | 2026-04-09 | Textual | |||||
| Colon Classification (CC) | Central Science Library | Central Science Library | 2026-04-09 | 94 | 1036.00 | 2026-04-09 | 1295.00 | 2026-04-09 | Textual |
